000
00290nam a22001337a 4500
008
181009b xxu||||| |||| 00| 0 eng d
020
_a
9780826904256
041
_a
eng
080
_2
4th
_a
720
100
_a
41
101
_a
ARK
245
_a
Printreading
_c
Proctor,Th.E
942
_2
udc
_c
BK
999
_c
49177
_d
49177